000 00636nam a2200181Ia 4500
008 100920s9999 xx 000 0 und d
082 _b84426
_a700 थ 89
100 _aकुलकर्णी सुमती पंडित.
245 _aलोकरीचे सोपे विणकाम.
260 _bकुलकर्णी पंडित अनंत.
_c1989
300 _a104
_bसाधी
365 _b60
520 _aकला.
630 _aलोकरीचे सोपे विणकाम.
650 _aकला.
730 _aलोकरीचे सोपे विणकाम.
942 _cBOOK
999 _c724980
_d724977